000 00882cad a22002175a 4500
001 E152271
008 110215s2011 xxk f 000 0 eng d
020 _a9781859358054
035 _a(Sirsi) u152271
041 0 _aeng
100 1 _aGibb, Kenneth
245 0 0 _aDelivering affordable housing in troubled times
_bScotland national report
_h[electronic resource]
260 _aYork
_bJRF
_c2011
520 _aLooks at new ways of funding the construction of affordable housing in Scotland, in the light of the current financial constraints caused by reduced funding.
590 _aKA
651 4 _aScotland
_y1999-
690 _aPROPERTY-RESIDENTIAL PROPERTY-DOMESTIC RESIDENTIAL PROPERTY-HOUSING
700 1 _aLeishman, Chris
856 4 0 _uhttps://www.jrf.org.uk/publications/affordable-housing-troubled-times
_zView the report free of charge at www.jrf.org.uk
942 _n0
999 _c111961
_d111961